| 000 | 00883cam a2200277 i 4500 | ||
|---|---|---|---|
| 001 | 2104875 | ||
| 003 | EG-ScBUE | ||
| 005 | 20230730102036.0 | ||
| 008 | 960103s1996 nyua f 000 0 eng d | ||
| 020 | _a9780060976309 | ||
| 040 |
_aDLC _beng _erda _cDLC _dDLC _dEG-ScBUE |
||
| 043 | _af-rh--- | ||
| 082 | 0 | 4 |
_a916.8910330924 _222 _bLES |
| 100 | 1 |
_aLessing, Doris, _d1919-2013, _eauthor. _938421 |
|
| 245 | 1 | 0 |
_aGoing home : _bwith a new afterword / _cDoris Lessing ; drawings by Paul Hogarth. |
| 264 | 1 |
_aNew York : _bHarper Perennial, _c1996. |
|
| 300 |
_a256 pages : _billustrations ; _c21 cm |
||
| 336 |
_2rdacontent _atext _btxt |
||
| 337 |
_2rdamedia _aunmediated _bn |
||
| 338 |
_2rdacarrier _avolume _bnc |
||
| 651 | 7 |
_aZimbabwe _xRace relations. _2BUEsh |
|
| 653 |
_bHHUUEENN _cNovember2016 |
||
| 655 | _vReading book | ||
| 700 | 1 |
_aHogarth, Paul, _eanimator. |
|
| 942 |
_2ddc _cBB |
||
| 999 |
_c23241 _d23213 |
||